| 000 | 00589cab a2200181 4500 | ||
|---|---|---|---|
| 001 | WB2627-37 | ||
| 008 | 090401t1990 xxu||||| |||| 00| 0 eng d | ||
| 035 | _a(Sirsi) u9619 | ||
| 041 | _aeng | ||
| 245 | _aInterest in estate agencies | ||
| 260 | _c1990 | ||
| 350 | _a0 | ||
| 490 |
_aMoney Week _vno 166 11/7/90 p7 |
||
| 520 | _aThere is keen interest in the sell-off of the estate agency , Hamptons , while Town and Country are aiming to expand their business through franchise . | ||
| 690 | _aMANAGEMENT-BUSINESS MANAGEMENT-PROFESSIONAL PRACTICE | ||
| 942 | _n0 | ||
| 948 | _c04/03/1997 | ||
| 999 |
_c6032 _d6032 |
||